00396nam a22000857a 4500008004100000010001200041245009800053260000900151500015000160110621t xxu||||| |||| 00| 0 eng d aCACAF65 aCourt ocf Appeal Civil Appeal No.45 of 2005 Uganda Brewerie Ltd vs Gilbert Afayo  c2005 aAn Appeal from the decision of the High Court of Uganda sitting atKampala Okumu- wengi J dated 1 march,2005 in high Court Civil Suit No. 580/02